00742 a2200181 4500001000700000020001800007040003200025090001100057100002200068245001500090260001600105300002700121362000900148520028200157942000700439952009500446999001900541125146 a9788585357528 cEscola Canadense de Niteroi aHAR-S3 aHargreaves, Roger10aSeu Metido aSão Paulo bil.c4 x 0.4 x 12.8 cm0 a1996 aEsses personagens pitorescos, criados por Roger Hargreaves, simbolizam de uma forma divertida o comportamento do ser humano. Com suas personalidades distintas, seus defeitos e virtudes, nas mais diversas atitudes cotidianas, eles refletem a realidade das vivências infantis. cBK 00104070a80.1b80.1d2024-02-09l0oHAR-S3pA02472r2024-02-09 21:21:44w2024-02-09yBK c125146d125146